[Event "Grand Pacific op Online"]
[Site "chess.com"]
[Date "2021.04.10"]
[Round "3.1"]
[White "Qiu, Peter Yong"]
[Black "Sali, Zulfikar"]
[Result "1/2-1/2"]
[WhiteElo "1608"]
[BlackElo "2223"]
[PlyCount "297"]
[EventDate "2021.04.10"]
[EventType "swiss"]
[EventRounds "6"]
[EventCountry "CAN"]

1. e4 c5 2. Nf3 d6 3. d4 cxd4 4. Nxd4 Nf6 5. Nc3 a6 6. Bg5 e6 7. f4 Qb6 8. Qd2
Qxb2 9. Rb1 Qa3 10. e5 dxe5 11. fxe5 h6 12. Bf4 Nfd7 13. Ne4 b5 14. Be2 Bb7 15.
Bf3 Bxe4 16. Bxe4 Ra7 17. O-O Rc7 18. Kh1 Qc3 19. Qf2 Bc5 20. Rbd1 Bxd4 21.
Rxd4 Rc4 22. Rd3 Qb4 23. Rb3 Qe7 24. Bd3 Rc8 25. Qg3 g5 26. Bc1 Nc6 27. Qe3 Qc5
28. Qh3 Ncxe5 29. Qh5 Qd4 30. Bb2 Qh4 31. Qe2 Rc5 32. Ba3 Qd4 33. Bxc5 Nxc5 34.
Rbb1 O-O 35. c3 Qxc3 36. Rbc1 Qd4 37. Bb1 Nc4 38. Rfd1 Qf6 39. Rf1 Qg7 40. Qf2
Rc8 41. h3 Nd7 42. Bd3 Nde5 43. Qd4 Nxd3 44. Qxd3 Rf8 45. a4 Qe5 46. axb5 axb5
47. Rb1 Qe3 48. Qxe3 Nxe3 49. Rf2 f5 50. Rxb5 Kf7 51. g4 f4 52. Re5 Ke7 53. Ra2
Kf6 54. Re4 h5 55. Ra6 Re8 56. gxh5 Kf5 57. Rb4 Rh8 58. Ra5+ Nd5 59. Kg2 Rxh5
60. Rb8 Rh7 61. Rf8+ Ke5 62. Rg8 Kf5 63. Rf8+ Ke4 64. Ra4+ Ke5 65. Rg8 Rh5 66.
Ra5 Ke4 67. Ra4+ Kf5 68. Ra5 Kf6 69. Rf8+ Ke7 70. Rg8 Kf7 71. Raa8 Kf6 72.
Rgf8+ Ke5 73. Ra5 Rh7 74. Rg8 Rh5 75. Rf8 Rh4 76. Rg8 Kf5 77. Rf8+ Ke4 78. Re8
Rh6 79. Ra4+ Kd3 80. Ra6 Ne3+ 81. Kf2 Rxh3 82. Raxe6 Rh2+ 83. Kf3 Rh3+ 84. Kf2
Ng4+ 85. Kg2 Rg3+ 86. Kf1 Ne3+ 87. Kf2 Nd1+ 88. Kf1 Nc3 89. Rd6+ Kc2 90. Rc6
Rd3 91. Rg6 Rd5 92. Kf2 Kd2 93. Rg7 Kd3 94. Kf3 Nb1 95. Kf2 Nd2 96. Rf8 Ne4+
97. Kf3 Rd6 98. Rxg5 Nxg5+ 99. Kxf4 Ne4 100. Ra8 Nc3 101. Ke5 Rd7 102. Ke6 Rb7
103. Rd8+ Ke4 104. Kd6 Rh7 105. Re8+ Kd4 106. Ra8 Rh6+ 107. Ke7 Nd5+ 108. Kf7
Ke5 109. Ra1 Nc3 110. Re1+ Ne4 111. Ra1 Nd6+ 112. Ke7 Rh7+ 113. Kd8 Ne4 114.
Re1 Kd5 115. Ra1 Nc5 116. Rd1+ Ke5 117. Re1+ Kd6 118. Ke8 Nd7 119. Rd1+ Ke6
120. Re1+ Ne5 121. Kd8 Rd7+ 122. Kc8 Rd5 123. Kc7 Rc5+ 124. Kb7 Kd6 125. Rd1+
Ke7 126. Kb6 Rc3 127. Kb5 Nd3 128. Rh1 Kd6 129. Rh6+ Kd5 130. Rh5+ Ne5 131. Kb4
Rc1 132. Kb3 Rc8 133. Kb2 Rc4 134. Kb3 Re4 135. Kc3 Re3+ 136. Kd2 Ra3 137. Kc2
Rg3 138. Kd2 Kd4 139. Rh8 Rg2+ 140. Ke1 Ra2 141. Rd8+ Ke3 142. Kd1 Rh2 143. Re8
Kd4 144. Rd8+ Kc5 145. Rc8+ Nc6 146. Rg8 Nd4 147. Rc8+ Kd5 148. Rd8+ Ke4 149.
Re8+ 1/2-1/2

[Event "Grand Pacific op Online"]
[Site "chess.com"]
[Date "2021.04.10"]
[Round "3.2"]
[White "King, Harvey"]
[Black "He, Matthew"]
[Result "1/2-1/2"]
[WhiteElo "2104"]
[BlackElo "1639"]
[PlyCount "58"]
[EventDate "2021.04.10"]
[EventType "swiss"]
[EventRounds "6"]
[EventCountry "CAN"]

1. e4 c6 2. d4 d5 3. e5 Bf5 4. Nf3 e6 5. c3 Ne7 6. c4 c5 7. Nc3 dxc4 8. Bxc4
cxd4 9. Nxd4 Nbc6 10. Bb5 Qc7 11. Nf3 Rd8 12. Qa4 a6 13. Be2 Nd5 14. O-O Be7
15. Nxd5 Rxd5 16. Bf4 O-O 17. Rac1 Rfd8 18. h3 Bd3 19. Bxd3 Rxd3 20. Rfe1 Qd7
21. Qe4 Qd5 22. Qxd5 R3xd5 23. a3 h6 24. Rc3 R8d7 25. Kf1 g5 26. Bg3 Kg7 27.
Rc4 Bc5 28. h4 Be7 29. hxg5 hxg5 1/2-1/2

[Event "Grand Pacific op Online"]
[Site "chess.com"]
[Date "2021.04.10"]
[Round "3.3"]
[White "Imoo, Joshua"]
[Black "D'Souza, Carina"]
[Result "1/2-1/2"]
[WhiteElo "1515"]
[BlackElo "1942"]
[PlyCount "100"]
[EventDate "2021.04.10"]
[EventType "swiss"]
[EventRounds "6"]
[EventCountry "CAN"]

1. e4 d5 2. exd5 Nf6 3. d4 Nxd5 4. Nf3 g6 5. c4 Nb6 6. Nc3 Bg7 7. Be3 O-O 8.
Be2 Nc6 9. O-O e5 10. d5 Ne7 11. Qd2 Nf5 12. Bc5 Re8 13. Ne4 Nd7 14. Ba3 b6 15.
b4 a5 16. bxa5 Rxa5 17. Bb4 Ra8 18. a4 Nf6 19. Nfg5 h6 20. Nxf6+ Bxf6 21. Ne4
Bg7 22. a5 Nd4 23. Qb2 f5 24. Ng3 e4 25. Bc3 Qf6 26. Rfd1 Nf3+ 27. gxf3 Qxc3
28. Qb5 Qe5 29. a6 Rd8 30. c5 bxc5 31. Qxc5 Qd6 32. Qxd6 Rxd6 33. Rac1 Ra7 34.
fxe4 Bxa6 35. Bxa6 Rdxa6 36. exf5 gxf5 37. Nxf5 Bf8 38. Rd2 Ra1 39. Rdc2 Rxc1+
40. Rxc1 Ra5 41. Rxc7 Rxd5 42. Ne3 Rc5 43. Rb7 Bd6 44. Rb6 Bf4 45. Rg6+ Kf7 46.
Rg4 Rg5 47. h3 Rxg4+ 48. hxg4 Kg6 49. Nf5 Kg5 50. f3 h5 1/2-1/2

[Event "Grand Pacific op Online"]
[Site "chess.com"]
[Date "2021.04.10"]
[Round "3.4"]
[White "Adam, Rafael"]
[Black "Jose, Marionito"]
[Result "1/2-1/2"]
[WhiteElo "1934"]
[BlackElo "1568"]
[PlyCount "101"]
[EventDate "2021.04.10"]
[EventType "swiss"]
[EventRounds "6"]
[EventCountry "CAN"]

1. d4 Nf6 2. Bg5 c5 3. d5 Ne4 4. Bc1 d6 5. f3 Nf6 6. e4 e5 7. dxe6 fxe6 8. e5
dxe5 9. Qxd8+ Kxd8 10. Nd2 Bd6 11. Nc4 Bc7 12. Be3 b6 13. O-O-O+ Ke7 14. Bg5
Nc6 15. c3 Bb7 16. Nh3 Rad8 17. Re1 h6 18. Bh4 g5 19. Bg3 Nd7 20. Nf2 b5 21.
Nd2 b4 22. Bb5 bxc3 23. bxc3 a6 24. Bxc6 Bxc6 25. Nc4 Bd5 26. Nxe5 Nxe5 27.
Bxe5 Bxe5 28. Rxe5 Bxa2 29. Rxc5 Rc8 30. Rxc8 Rxc8 31. Kc2 Bc4 32. h4 Rc5 33.
hxg5 hxg5 34. Nd3 Ra5 35. Nb4 Kf6 36. Rd1 Re5 37. Rd2 Re1 38. Nc6 Re2 39. Nb8
Rxd2+ 40. Kxd2 Bf1 41. g3 Kf5 42. Nc6 Bb5 43. Nd4+ Ke5 44. Nxb5 axb5 45. Kd3
Kd5 46. f4 g4 47. Ke3 Kc4 48. Kd2 Kc5 49. Ke3 Kc4 50. Kd2 Kc5 51. Ke3 1/2-1/2

[Event "Grand Pacific op Online"]
[Site "chess.com"]
[Date "2021.04.10"]
[Round "3.5"]
[White "Chen, Zhengyu"]
[Black "Kot, Emanuel"]
[Result "0-1"]
[WhiteElo "1216"]
[BlackElo "1674"]
[PlyCount "50"]
[EventDate "2021.04.10"]
[EventType "swiss"]
[EventRounds "6"]
[EventCountry "CAN"]

1. e4 c5 2. Nf3 d6 3. d4 cxd4 4. Nxd4 Nf6 5. Nc3 Nc6 6. Bg5 e6 7. Qd2 a6 8. f4
Bd7 9. O-O-O b5 10. Bxf6 gxf6 11. Kb1 b4 12. Nce2 Qb6 13. Nxc6 Bxc6 14. Ng3 h5
15. h4 a5 16. Bc4 a4 17. f5 e5 18. Bd5 Bxd5 19. exd5 a3 20. b3 Rc8 21. Ne4 Ke7
22. Nxf6 Bh6 23. Qe2 Kxf6 24. Qxh5 Qf2 25. c4 Qb2# 0-1

[Event "Grand Pacific op Online"]
[Site "chess.com"]
[Date "2021.04.10"]
[Round "3.6"]
[White "Guo, Veronica (Yu Han)"]
[Black "Yang, Jingyun (Ryan)"]
[Result "1/2-1/2"]
[WhiteElo "1665"]
[BlackElo "1551"]
[PlyCount "50"]
[EventDate "2021.04.10"]
[EventType "swiss"]
[EventRounds "6"]
[EventCountry "CAN"]

1. d4 d5 2. Nf3 Nf6 3. e3 Bg4 4. Bd3 e6 5. h3 Bh5 6. b3 Bd6 7. Bb2 Nbd7 8. Nbd2
e5 9. dxe5 Nxe5 10. Be2 Nxf3+ 11. Nxf3 c6 12. O-O Qe7 13. Qd2 Bb4 14. c3 Ba5
15. a4 Qd7 16. b4 Bc7 17. Rfd1 Qf5 18. Rac1 Ne4 19. Qd4 f6 20. Qd3 Be5 21. Rf1
Bg6 22. Nh4 Qg5 23. Nxg6 Qxg6 24. Ba1 O-O 25. c4 Rad8 1/2-1/2

[Event "Grand Pacific op Online"]
[Site "chess.com"]
[Date "2021.04.10"]
[Round "3.7"]
[White "Tang, Edward"]
[Black "Sohal, Tanraj"]
[Result "0-1"]
[WhiteElo "1702"]
[BlackElo "2383"]
[PlyCount "56"]
[EventDate "2021.04.10"]
[EventType "swiss"]
[EventRounds "6"]
[EventCountry "CAN"]

1. d4 Nf6 2. c4 e6 3. Nc3 Bb4 4. e3 d5 5. Nge2 O-O 6. a3 Be7 7. cxd5 exd5 8. g3
c6 9. Bg2 Nbd7 10. O-O Nb6 11. f3 c5 12. dxc5 Bxc5 13. Nd4 Bd7 14. b3 Rc8 15.
Bb2 Re8 16. Re1 a5 17. a4 Bb4 18. Qd3 Na8 19. Rec1 Qe7 20. Kf2 Nc7 21. Nce2 Na6
22. Rxc8 Bxc8 23. Nb5 Nc5 24. Qc2 Qxe3+ 25. Kf1 Bf5 26. Qd1 Nxb3 27. Bd4 Nd2+
28. Ke1 Nxf3+ 0-1

[Event "Grand Pacific op Online"]
[Site "chess.com"]
[Date "2021.04.10"]
[Round "3.8"]
[White "Parpatt, Mark"]
[Black "Wu, Jonathan"]
[Result "0-1"]
[WhiteElo "1658"]
[BlackElo "1844"]
[PlyCount "84"]
[EventDate "2021.04.10"]
[EventType "swiss"]
[EventRounds "6"]
[EventCountry "CAN"]

1. e4 c6 2. d4 d5 3. Nd2 dxe4 4. Nxe4 Nf6 5. Nxf6+ exf6 6. Nf3 Bd6 7. g3 O-O 8.
Bg2 Re8+ 9. Be3 Na6 10. O-O Bg4 11. d5 c5 12. c4 Qd7 13. Re1 Rab8 14. Qd2 b5
15. b3 bxc4 16. bxc4 Qa4 17. Rec1 Bf5 18. Nh4 Be4 19. Bf4 Bxf4 20. Qxf4 Bxg2
21. Nxg2 Nb4 22. Qd2 Rbd8 23. a3 Nc6 24. Qc2 Qxc2 25. Rxc2 Nd4 26. Rb2 g5 27.
Ne3 f5 28. Rab1 f4 29. Nc2 Nf3+ 30. Kg2 Nd2 31. Rd1 f3+ 32. Kh3 Nxc4 33. Rb3 h5
34. g4 Re2 35. Ne3 Nd2 36. Rd3 Ne4 37. gxh5 Nxf2+ 38. Kg3 Nxd1 39. Nxd1 Rg2+
40. Kxf3 Rxh2 41. Kg4 c4 42. Rd4 Rh4+ 0-1

[Event "Grand Pacific op Online"]
[Site "chess.com"]
[Date "2021.04.10"]
[Round "3.9"]
[White "Yao, Henry"]
[Black "Leblanc, Paul"]
[Result "0-1"]
[WhiteElo "1767"]
[BlackElo "1495"]
[PlyCount "58"]
[EventDate "2021.04.10"]
[EventType "swiss"]
[EventRounds "6"]
[EventCountry "CAN"]

1. e4 c6 2. d4 d5 3. Nc3 dxe4 4. Nxe4 Nf6 5. Nxf6+ gxf6 6. c3 Bf5 7. Bf4 e6 8.
Bd3 Bg6 9. Ne2 Bd6 10. Bxd6 Qxd6 11. h4 Nd7 12. Qd2 O-O-O 13. Bxg6 hxg6 14.
O-O-O Qd5 15. Kb1 Qxg2 16. Nf4 Qe4+ 17. Ka1 g5 18. Rde1 Qxf4 19. Qxf4 gxf4 20.
h5 Rh6 21. Re4 e5 22. dxe5 fxe5 23. Ree1 Rdh8 24. Reg1 Rxh5 25. Rxh5 Rxh5 26.
a3 Rh2 27. f3 Rf2 28. Rg8+ Kc7 29. Rg7 f6 0-1

[Event "Grand Pacific op Online"]
[Site "chess.com"]
[Date "2021.04.10"]
[Round "3.10"]
[White "Kosinski, George"]
[Black "Wang, Steven"]
[Result "0-1"]
[WhiteElo "1725"]
[BlackElo "1484"]
[PlyCount "40"]
[EventDate "2021.04.10"]
[EventType "swiss"]
[EventRounds "6"]
[EventCountry "CAN"]

1. d4 d5 2. g3 c6 3. Bg2 Nf6 4. Nf3 Bf5 5. O-O Nbd7 6. c4 e6 7. Nc3 Bd6 8. Nd2
O-O 9. f3 e5 10. dxe5 Nxe5 11. cxd5 cxd5 12. Qb3 Bc5+ 13. Kh1 Bb6 14. e4 dxe4
15. Ndxe4 Nxe4 16. fxe4 Be6 17. Qc2 Bc4 18. Rf5 Qd4 19. Ne2 Bxe2 20. Qxe2 Qg1#
0-1

[Event "Grand Pacific op Online"]
[Site "chess.com"]
[Date "2021.04.11"]
[Round "4.1"]
[White "Kot, Emanuel"]
[Black "Sohal, Tanraj"]
[Result "1/2-1/2"]
[WhiteElo "1674"]
[BlackElo "2383"]
[PlyCount "122"]
[EventDate "2021.04.10"]
[EventType "swiss"]
[EventRounds "6"]
[EventCountry "CAN"]

1. e4 c5 2. Nf3 e6 3. d4 cxd4 4. Nxd4 Nf6 5. Nc3 Nc6 6. a3 e5 7. Ndb5 d6 8. Nd5
Nxd5 9. exd5 Nb8 10. c4 a6 11. Nc3 f5 12. Bd3 g6 13. O-O Bg7 14. f3 O-O 15. Be3
Nd7 16. Rc1 b6 17. b4 h6 18. Qc2 Kh7 19. Ne2 Nf6 20. Rfd1 e4 21. fxe4 fxe4 22.
Bxe4 Qe8 23. Ng3 Nxe4 24. Qxe4 Qxe4 25. Nxe4 Re8 26. Nxd6 Rxe3 27. Nxc8 Rxc8
28. c5 bxc5 29. bxc5 Rc3 30. Rxc3 Bxc3 31. d6 Bf6 32. d7 Rd8 33. c6 Be5 34. Re1
Bc7 35. Rb1 Kg7 36. Rb7 Ba5 37. c7 Bxc7 38. Rxc7 Kf7 39. Ra7 a5 40. Rxa5 Rxd7
41. Ra6 Rd1+ 42. Kf2 Rd2+ 43. Kf3 Rd3+ 44. Ke2 Rb3 45. h3 Rb2+ 46. Kf3 Rb3+ 47.
Kf4 Rb2 48. Kg3 Rb3+ 49. Kh2 h5 50. h4 Rb2 51. Kh3 Rb3+ 52. g3 Rb2 53. a4 Ra2
54. Ra8 Kg7 55. Ra7+ Kg8 56. a5 Kh8 57. a6 Kg8 58. Ra8+ Kg7 59. Ra7+ Kg8 60.
Ra8+ Kg7 61. Ra7+ Kg8 1/2-1/2

[Event "Grand Pacific op Online"]
[Site "chess.com"]
[Date "2021.04.11"]
[Round "4.2"]
[White "Sali, Zulfikar"]
[Black "Jose, Marionito"]
[Result "1-0"]
[WhiteElo "2223"]
[BlackElo "1568"]
[PlyCount "71"]
[EventDate "2021.04.10"]
[EventType "swiss"]
[EventRounds "6"]
[EventCountry "CAN"]

1. e4 c5 2. Nf3 e6 3. d4 cxd4 4. Nxd4 Qb6 5. Nc3 Bc5 6. Na4 Qa5+ 7. c3 Bxd4 8.
Qxd4 e5 9. Qd1 Nf6 10. b4 Qc7 11. Bd3 d6 12. O-O Bg4 13. f3 Be6 14. Be3 Nbd7
15. c4 O-O 16. Qc2 b6 17. Rfc1 Rac8 18. a3 Qb8 19. Qe2 Rc7 20. Nc3 Rfc8 21. Nd5
Bxd5 22. cxd5 Rxc1+ 23. Bxc1 Nh5 24. g3 Rc7 25. Bd2 g6 26. Bb5 Qc8 27. Bc6 Nb8
28. b5 Nd7 29. a4 Rxc6 30. bxc6 Nc5 31. Be3 Ng7 32. a5 Nb3 33. axb6 Nxa1 34. b7
Qb8 35. Qb2 Ne8 36. Qxa1 1-0

[Event "Grand Pacific op Online"]
[Site "chess.com"]
[Date "2021.04.11"]
[Round "4.3"]
[White "Yang, Jingyun (Ryan)"]
[Black "King, Harvey"]
[Result "1-0"]
[WhiteElo "1551"]
[BlackElo "2104"]
[PlyCount "65"]
[EventDate "2021.04.10"]
[EventType "swiss"]
[EventRounds "6"]
[EventCountry "CAN"]

1. e4 c5 2. Nf3 Nc6 3. d4 cxd4 4. Nxd4 e5 5. Nb5 d6 6. N1c3 a6 7. Na3 b5 8. Nd5
Nge7 9. c4 Nd4 10. cxb5 Nxd5 11. exd5 Be7 12. bxa6 O-O 13. Bd3 f5 14. O-O Bf6
15. Nc2 Qa5 16. Nxd4 exd4 17. Qe2 Kh8 18. Bf4 Qxd5 19. b4 g5 20. Bd2 Bd7 21. a4
Rfe8 22. Qf3 Qxf3 23. gxf3 Bc6 24. b5 Bxf3 25. b6 Reb8 26. a5 Bd8 27. a7 Rb7
28. Ba6 Rg7 29. Rfb1 Bb7 30. Bxb7 Rxb7 31. Ra4 Kg7 32. Rxd4 Kf7 33. Rxd6 1-0

[Event "Grand Pacific op Online"]
[Site "chess.com"]
[Date "2021.04.11"]
[Round "4.4"]
[White "D'Souza, Carina"]
[Black "Qiu, Peter Yong"]
[Result "1/2-1/2"]
[WhiteElo "1942"]
[BlackElo "1608"]
[PlyCount "81"]
[EventDate "2021.04.10"]
[EventType "swiss"]
[EventRounds "6"]
[EventCountry "CAN"]

1. d4 d5 2. Bf4 c6 3. e3 Nf6 4. Nf3 e6 5. c3 Bd6 6. Nbd2 Bxf4 7. exf4 Nbd7 8.
Bd3 a5 9. Qe2 a4 10. a3 O-O 11. Ne5 c5 12. Rd1 Ne8 13. Nxd7 Bxd7 14. dxc5 Qc7
15. Qe3 Ra5 16. Nf3 Qxc5 17. Qxc5 Rxc5 18. Ne5 Nf6 19. Bc2 Ra5 20. Rd4 Bb5 21.
Rb4 Ne8 22. Kd2 Nd6 23. Nf3 Nc4+ 24. Kc1 Rfa8 25. Rd1 h5 26. Nd4 Bc6 27. Bd3
Nd6 28. Rb6 Rc8 29. g3 g6 30. Bc2 Kf8 31. Rb4 Bd7 32. Nf3 Ke7 33. Rdd4 b5 34.
Rd1 Ra7 35. Re1 Rac7 36. Rd4 Rc5 37. Ne5 R5c7 38. Nd3 Kf8 39. Nb4 Rc4 40. Red1
Rxd4 41. Rxd4 1/2-1/2

[Event "Grand Pacific op Online"]
[Site "chess.com"]
[Date "2021.04.11"]
[Round "4.5"]
[White "Leblanc, Paul"]
[Black "Adam, Rafael"]
[Result "0-1"]
[WhiteElo "1495"]
[BlackElo "1934"]
[PlyCount "70"]
[EventDate "2021.04.10"]
[EventType "swiss"]
[EventRounds "6"]
[EventCountry "CAN"]

1. d4 Nf6 2. c4 e6 3. Nf3 Bb4+ 4. Bd2 Qe7 5. a3 Bxd2+ 6. Qxd2 d6 7. Nc3 O-O 8.
e4 e5 9. d5 Bg4 10. Be2 Nbd7 11. b4 a5 12. O-O Nh5 13. h3 Bxf3 14. Bxf3 Nf4 15.
Ne2 Qf6 16. Nxf4 exf4 17. bxa5 Nc5 18. Rab1 Qe5 19. Rfe1 Ra7 20. Bd1 Rfa8 21.
f3 Rxa5 22. a4 b6 23. Bc2 Nxa4 24. Bxa4 Rxa4 25. Rec1 Ra2 26. Rc2 R2a3 27. Rbc1
g5 28. Qf2 h6 29. Kh2 Kg7 30. Kg1 Kg6 31. Kf1 Ra1 32. Kg1 R1a3 33. Kh1 R8a5 34.
Kg1 Re3 35. Ra2 Rc5 0-1

[Event "Grand Pacific op Online"]
[Site "chess.com"]
[Date "2021.04.11"]
[Round "4.6"]
[White "Wu, Jonathan"]
[Black "Imoo, Joshua"]
[Result "1-0"]
[WhiteElo "1844"]
[BlackElo "1515"]
[PlyCount "79"]
[EventDate "2021.04.10"]
[EventType "swiss"]
[EventRounds "6"]
[EventCountry "CAN"]

1. e4 e5 2. Nf3 Nf6 3. Nxe5 d6 4. Nf3 Nxe4 5. Nc3 Nxc3 6. dxc3 Be7 7. Be3 O-O
8. Qd2 Nc6 9. O-O-O Ne5 10. Nxe5 dxe5 11. Bd3 Be6 12. Kb1 c6 13. f4 exf4 14.
Bxf4 Qa5 15. a3 b5 16. Qe3 Bxa3 17. Qe4 g6 18. bxa3 Qxa3 19. Qb4 Qa2+ 20. Kc1
a5 21. Qb2 Qxb2+ 22. Kxb2 a4 23. Ra1 Rfd8 24. Rhe1 Rd7 25. Bg5 Ra5 26. Bf6 c5
27. Re5 Rd5 28. Rxd5 Bxd5 29. g3 b4 30. Re1 Ra8 31. c4 Be6 32. Be4 Ra7 33. Rd1
a3+ 34. Kb3 Bd7 35. Bc6 a2 36. Bxd7 Ra6 37. Bc6 Ra3+ 38. Kb2 a1=Q+ 39. Rxa1
Rxa1 40. Kxa1 1-0

[Event "Grand Pacific op Online"]
[Site "chess.com"]
[Date "2021.04.11"]
[Round "4.7"]
[White "Wang, Steven"]
[Black "Guo, Veronica (Yu Han)"]
[Result "1/2-1/2"]
[WhiteElo "1484"]
[BlackElo "1665"]
[PlyCount "45"]
[EventDate "2021.04.10"]
[EventType "swiss"]
[EventRounds "6"]
[EventCountry "CAN"]

1. e4 c6 2. Nf3 d5 3. Nc3 d4 4. Ne2 c5 5. c3 Nc6 6. cxd4 cxd4 7. Qa4 Bd7 8.
Nexd4 Nf6 9. Nxc6 Bxc6 10. Bb5 Qd7 11. Bxc6 Qxc6 12. Qxc6+ bxc6 13. d3 e6 14.
Bf4 Bb4+ 15. Bd2 c5 16. Rc1 Rb8 17. Bxb4 cxb4 18. Rc7 Ra8 19. O-O O-O 20. Rb7
a5 21. Rc1 Nh5 22. Rcc7 Rac8 23. g3 1/2-1/2

[Event "Grand Pacific op Online"]
[Site "chess.com"]
[Date "2021.04.11"]
[Round "4.8"]
[White "He, Matthew"]
[Black "Loke, Myron"]
[Result "1/2-1/2"]
[WhiteElo "1639"]
[BlackElo "1436"]
[PlyCount "54"]
[EventDate "2021.04.10"]
[EventType "swiss"]
[EventRounds "6"]
[EventCountry "CAN"]

1. d4 g6 2. c4 Nf6 3. Nc3 Bg7 4. e4 d6 5. Nf3 O-O 6. Be2 e5 7. d5 Nbd7 8. Bg5
h6 9. Bh4 g5 10. Bg3 Nh5 11. h4 g4 12. Nh2 Nxg3 13. fxg3 h5 14. O-O a5 15. Rf2
Nc5 16. Bd3 Qe7 17. Qe2 f5 18. Nf1 f4 19. Bc2 fxg3 20. Rxf8+ Bxf8 21. Nxg3 Qxh4
22. Qf2 Bh6 23. Rf1 Bd7 24. Qf7+ Kh8 25. Qxh5 Qxh5 26. Nxh5 Be3+ 27. Kh2 Kh7
1/2-1/2

[Event "Grand Pacific op Online"]
[Site "chess.com"]
[Date "2021.04.11"]
[Round "4.9"]
[White "McLaren, Brian"]
[Black "Ming, Jerry"]
[Result "1-0"]
[WhiteElo "2274"]
[BlackElo "1513"]
[PlyCount "95"]
[EventDate "2021.04.10"]
[EventType "swiss"]
[EventRounds "6"]
[EventCountry "CAN"]

1. e4 c5 2. Nc3 e6 3. Nge2 Nc6 4. h3 d5 5. exd5 exd5 6. d4 Nf6 7. Be3 c4 8. g4
Bb4 9. Bg2 Be6 10. O-O O-O 11. a3 Ba5 12. b4 Bc7 13. f4 Ne7 14. f5 Bc8 15. Qd2
Re8 16. Bf4 b6 17. Bxc7 Qxc7 18. g5 Nh5 19. f6 Ng6 20. Nxd5 Qd6 21. Ndf4 Nhxf4
22. Nxf4 c3 23. Qf2 Nxf4 24. Qxf4 Qxf4 25. Rxf4 Rb8 26. fxg7 Kxg7 27. Raf1 Rf8
28. R1f3 Bb7 29. Rxc3 Bxg2 30. Kxg2 Rbc8 31. Rff3 Rfd8 32. Rxc8 Rxc8 33. c3 b5
34. Kg3 Kg6 35. Kg4 Rc4 36. h4 h5+ 37. gxh6 Kxh6 38. Kf5 Kg7 39. Ke5 Kg6 40.
Rg3+ Kh5 41. Kf6 Rc6+ 42. Kxf7 Ra6 43. d5 Kxh4 44. Rd3 Rxa3 45. d6 a5 46. d7
axb4 47. d8=Q+ Kh5 48. Rg3 1-0

[Event "Grand Pacific op Online"]
[Site "chess.com"]
[Date "2021.04.11"]
[Round "4.10"]
[White "Laroche, Hugo"]
[Black "Zhang, Joyce"]
[Result "1-0"]
[WhiteElo "2013"]
[BlackElo "1504"]
[PlyCount "67"]
[EventDate "2021.04.10"]
[EventType "swiss"]
[EventRounds "6"]
[EventCountry "CAN"]

1. e4 c5 2. Nf3 d6 3. d4 cxd4 4. Nxd4 Nf6 5. Nc3 a6 6. h3 e6 7. g4 Be7 8. Bg2
Qc7 9. Be3 Nc6 10. f4 Nxd4 11. Qxd4 e5 12. Qd2 b5 13. fxe5 dxe5 14. g5 b4 15.
Na4 Nd7 16. O-O O-O 17. c3 Qc6 18. b3 bxc3 19. Qxc3 Qg6 20. Rf5 Bb7 21. Rd1
Rfd8 22. Rdf1 f6 23. gxf6 Bxf6 24. Kh1 Rac8 25. Qb4 Bc6 26. Nc3 Qg3 27. R5f3
Qg6 28. Nd5 Bb5 29. Rxf6 Qxg2+ 30. Kxg2 Rc2+ 31. R1f2 Nxf6 32. Nxf6+ gxf6 33.
Rxc2 Bd3 34. Rc7 1-0

[Event "Grand Pacific op Online"]
[Site "chess.com"]
[Date "2021.04.11"]
[Round "5.1"]
[White "Wu, Jonathan"]
[Black "Sali, Zulfikar"]
[Result "1/2-1/2"]
[WhiteElo "1844"]
[BlackElo "2223"]
[PlyCount "187"]
[EventDate "2021.04.10"]
[EventType "swiss"]
[EventRounds "6"]
[EventCountry "CAN"]

1. e4 c5 2. Nc3 a6 3. Nge2 e6 4. g3 b5 5. Bg2 Bb7 6. d4 cxd4 7. Nxd4 Nf6 8. Qe2
Nc6 9. Nb3 Qc7 10. O-O d6 11. Bf4 Be7 12. Rad1 O-O 13. Rd2 Ne5 14. Bxe5 dxe5
15. Rfd1 b4 16. Nb1 a5 17. c3 Ba6 18. Qe1 a4 19. Nc1 Rab8 20. Nd3 bxc3 21. Nxc3
Bxd3 22. Rxd3 Rxb2 23. Rb1 a3 24. Rc1 Qa5 25. Qd1 Bc5 26. Na4 Bxf2+ 27. Kf1
Rxa2 28. Qb3 Rd2 29. Rxd2 Qxd2 30. Rd1 Qe3 31. Qxe3 Bxe3 32. Ra1 Bd4 33. Rxa3
g6 34. Rb3 Ra8 35. Nc3 Bxc3 36. Rxc3 Ra2 37. h3 Ra4 38. Re3 Kf8 39. Ke2 Ke7 40.
Kf3 g5 41. g4 Rb4 42. Bf1 h5 43. Ba6 hxg4+ 44. hxg4 Nd7 45. Rc3 Nf6 46. Bd3 Rb7
47. Ra3 Nd7 48. Rc3 Rb2 49. Bc2 Ra2 50. Bd3 Rh2 51. Kg3 Rd2 52. Bb5 Nf6 53. Bd3
Rd1 54. Kf3 Kf8 55. Be2 Rg1 56. Rc8+ Kg7 57. Kf2 Ra1 58. Bf3 Ra4 59. Ke3 Ra3+
60. Kf2 Ra5 61. Rd8 Rc5 62. Rd2 Rc3 63. Rd8 Rc4 64. Ke3 Nh7 65. Rd3 Nf8 66. Kf2
Ng6 67. Ra3 Rc2+ 68. Ke3 Nf4 69. Rb3 Kf6 70. Ra3 Rb2 71. Rc3 Rh2 72. Ra3 Ng6
73. Rb3 Rh3 74. Kf2 Rh2+ 75. Ke3 Nh4 76. Bd1 Rh1 77. Ke2 Rg1 78. Kd2 Rg2+ 79.
Be2 Ng6 80. Ke1 Nf4 81. Bf3 Ra2 82. Rc3 Ke7 83. Rc7+ Kd6 84. Rc3 Rh2 85. Kf1
Rd2 86. Rc8 Rb2 87. Rc3 Rb4 88. Kf2 Ra4 89. Kf1 Rd4 90. Rc8 Rd3 91. Kf2 Kd7 92.
Rc2 Nh3+ 93. Ke2 Rb3 94. Rd2+ 1/2-1/2

[Event "Grand Pacific op Online"]
[Site "chess.com"]
[Date "2021.04.11"]
[Round "5.2"]
[White "Adam, Rafael"]
[Black "Kot, Emanuel"]
[Result "1/2-1/2"]
[WhiteElo "1934"]
[BlackElo "1674"]
[PlyCount "115"]
[EventDate "2021.04.10"]
[EventType "swiss"]
[EventRounds "6"]
[EventCountry "CAN"]

1. d4 d5 2. c4 e6 3. Nc3 Nf6 4. cxd5 Nxd5 5. Nf3 Nxc3 6. bxc3 c5 7. e3 Be7 8.
Be2 O-O 9. O-O b6 10. Ne5 Bb7 11. Bf3 Qc7 12. a4 Nd7 13. Nxd7 Qxd7 14. Ba3 Bxf3
15. Qxf3 Rac8 16. Qe4 Rfd8 17. Bb2 a6 18. Qd3 b5 19. axb5 axb5 20. Rab1 b4 21.
c4 Qc7 22. Rfc1 Rd7 23. Qb3 Rcd8 24. dxc5 Bxc5 25. Bd4 h6 26. h3 Bxd4 27. exd4
Rxd4 28. Qxb4 Rc8 29. Qb7 Rxc4 30. Rxc4 Qxc4 31. Rd1 Qc2 32. Rd7 Qc1+ 33. Kh2
Qf4+ 34. g3 Qxf2+ 35. Qg2 Qxg2+ 36. Kxg2 Rc3 37. g4 g5 38. Ra7 Kg7 39. Ra4 Rc6
40. Ra8 f5 41. Ra3 Kf6 42. Ra8 f4 43. Rh8 Ke5 44. Rxh6 Ke4 45. h4 gxh4 46. Kh3
Ke3 47. Kxh4 Kf3 48. Rf6 Rb6 49. g5 Rb1 50. g6 Rh1+ 51. Kg5 e5 52. g7 Rg1+ 53.
Kh6 Rxg7 54. Kxg7 e4 55. Kg6 e3 56. Kg5 e2 57. Rxf4+ Ke3 58. Rf8 1/2-1/2

[Event "Grand Pacific op Online"]
[Site "chess.com"]
[Date "2021.04.11"]
[Round "5.3"]
[White "Sohal, Tanraj"]
[Black "Yang, Jingyun (Ryan)"]
[Result "1-0"]
[WhiteElo "2383"]
[BlackElo "1551"]
[PlyCount "111"]
[EventDate "2021.04.10"]
[EventType "swiss"]
[EventRounds "6"]
[EventCountry "CAN"]

1. d4 d5 2. c4 e6 3. Nc3 Nf6 4. Bg5 c6 5. Qb3 h6 6. Bh4 Be7 7. e3 Nbd7 8. Nf3
O-O 9. Be2 Nb6 10. cxd5 exd5 11. O-O Bf5 12. a4 Qd7 13. a5 Nc8 14. Ne5 Qc7 15.
Rfc1 Nd6 16. Bxf6 Bxf6 17. Nxd5 Qd8 18. Nxf6+ Qxf6 19. a6 Rfb8 20. Qa3 bxa6 21.
Rxc6 Rb6 22. Rac1 Be4 23. Rxb6 axb6 24. f3 Bb7 25. Qb3 b5 26. Rc7 Rc8 27. Qc2
Qe6 28. Rxc8+ Bxc8 29. e4 Qe7 30. Qc5 Qf6 31. Qc7 Kh7 32. g3 Bh3 33. Qc1 g5 34.
Qe3 Be6 35. Bd3 Kg7 36. f4 Bc4 37. Bc2 Qd8 38. b3 Be6 39. d5 Bc8 40. Nc6 Qc7
41. fxg5 h5 42. Qd4+ Kg8 43. e5 Nf5 44. Qc5 Kg7 45. Qf2 Kg6 46. h3 Kxg5 47.
Qf4+ Kg6 48. g4 hxg4 49. Qxg4+ Kh6 50. Bxf5 Bxf5 51. Qxf5 f6 52. Qxf6+ Kh5 53.
Kg2 b4 54. h4 Qg7+ 55. Qxg7 a5 56. Qg5# 1-0